Gerentes versus propietarios (Registro nro. 17606)
[ vista simple ]
| 000 -LEADER | |
|---|---|
| fixed length control field | 00353 a2200121 4500 |
| 001 - CONTROL NUMBER | |
| control field | ART_2667 |
| 005 - DATE AND TIME OF LATEST TRANSACTION | |
| control field | 20260410161728.0 |
| 008 - FIXED-LENGTH DATA ELEMENTS--GENERAL INFORMATION | |
| fixed length control field | 260409a |
| 100 1# - MAIN ENTRY--PERSONAL NAME | |
| Personal name | Dutto Giolongo, Martín |
| 245 10 - TITLE STATEMENT | |
| Title | Gerentes versus propietarios |
| 700 1# - ADDED ENTRY--PERSONAL NAME | |
| Personal name | Gallacher, Marcos |
| 773 0# - HOST ITEM ENTRY | |
| Title | Ciencias económicas |
| Related parts | - Año 6, Vol. 1 (sep. 2008) |
| Record control number | REV2567 |
No hay ítems disponibles.